000 00195 a2200097 4500
001 1203
100 _aCrouse,W.H
245 _aAutootive engines
260 _a
_bMcgrawhill
_c
090 _c765
_d765
942 _aNUST-CAE
_cM
_c34322
999 _c236276
_d236276